|
|
|
|
| LEADER |
00000nam2a2200000 4500 |
| 001 |
350695 |
| 005 |
20231102010328.0 |
| 029 |
0 |
0 |
|a RU
|b 3096-82
|c Деп
|f ВИНИТИ
|
| 035 |
|
|
|a (RuTPU)RU\TPU\retro\4936
|
| 090 |
|
|
|a 350695
|
| 100 |
|
|
|a 20190222d1982 k y0rusy50 ca
|
| 101 |
0 |
|
|a rus
|
| 102 |
|
|
|a RU
|
| 105 |
|
|
|a a z 001zy
|
| 200 |
0 |
|
|a Ч. 1
|
| 210 |
|
|
|d 1982
|
| 215 |
|
|
|a 251 с.
|c ил.
|
| 300 |
|
|
|a Деп. в ВИНИТИ 30.03.82, № 3096-82
|
| 317 |
|
|
|5 63413507: КР-6033
|a Поступила в НТБ в 1987 г. в дар от вдовы ученого Е. К. Завадовской
|
| 320 |
|
|
|a Библиогр. в конце ст.
|
| 461 |
|
1 |
|0 (RuTPU)RU\TPU\retro\5506
|t Деформация и релаксация, изменение свойств и разрушение твердых тел
|o [депонированная рукопись]
|o в 2 ч.
|f А. А. Воробьев
|g Томский политехнический институт (ТПИ)
|v Ч. 1
|d 1982
|
| 606 |
1 |
|
|a Механика разрушения
|2 stltpush
|3 (RuTPU)RU\TPU\subj\66126
|9 82355
|
| 610 |
1 |
|
|a физика
|
| 610 |
1 |
|
|a твердые тела
|
| 610 |
1 |
|
|a деформация
|
| 610 |
1 |
|
|a физические свойства
|
| 610 |
1 |
|
|a пластическая деформация
|
| 610 |
1 |
|
|a кристаллы
|
| 610 |
1 |
|
|a нагружение
|
| 610 |
1 |
|
|a щелочно-галоидные кристаллы
|
| 610 |
1 |
|
|a упругая деформация
|
| 610 |
1 |
|
|a депонированные рукописи
|
| 610 |
1 |
|
|a библиотека А. А. Воробьева
|
| 675 |
|
|
|a 534.4
|v 4
|
| 801 |
|
1 |
|a RU
|b 63413507
|c 20190222
|
| 801 |
|
2 |
|a RU
|b 63413507
|c 20200825
|g RCR
|
| 942 |
|
|
|c BK
|